[Event "U1850"]
[Site "Warsingsfehn"]
[Date "2024.12.12"]
[Round "9.2"]
[White "Mephisto B&P"]
[Black "Novag Superconstellation"]
[Result "1-0"]
[WhiteElo "1764"]
[BlackElo "1819"]

1.e4 e6 2.d4 d5 3.e5 c5 4.c3 Nc6 5.Nf3 Qb6 {*} 6.Be2 {*} 6...cxd4 7.cxd4 Bb4+ 8.Nc3 Nge7 9.O-O O-O 10.a3 Bxc3 
11.bxc3 f6 12.exf6 Rxf6 13.c4 Bd7 14.Bg5 Rff8 15.Re1 dxc4 16.Ne5 Nxe5 17.Bxe7 Rf7 18.Bc5 Qb5 19.Rb1 Qc6 20.Bf1 Nd3 
21.Bxd3 cxd3 22.Qxd3 b6 23.Bb4 Rc8 24.Qg3 Kh8 25.Bd6 Qd5 26.Be5 Rc2 27.Rbc1 Ba4 28.Rxc2 Bxc2 29.Qc3 Rf8 30.Qc7 Rg8 
31.Qxc2 Qb5 32.Re3 Qa5 33.g4 Rf8 34.Rh3 Qe1+ 35.Kg2 h5 36.Rxh5+ Kg8 37.Qh7+ Kf7 38.Bxg7 Ke8 {mit Aufgabe Superconny} 39.Bxf8 Qe4+ 40.Qxe4 Kxf8 
41.Rh7 Kg8 42.Qg6+ Kf8 43.Qf7# 1-0

[Event "U1850"]
[Site "Warsingsfehn"]
[Date "2024.12.12"]
[Round "9.3"]
[White "Mephisto Mondial II"]
[Black "Excalibur Igor"]
[Result "1-0"]
[WhiteElo "1770"]
[BlackElo "1826"]

1.Nf3 Nf6 2.d4 e6 3.c4 b6 4.Nc3 {*} 4...Bb4 {*} 5.Bg5 Bb7 6.e3 h6 7.Bxf6 Qxf6 8.Bd3 c5 9.O-O Bxf3 10.Qxf3 Qxf3 
11.gxf3 cxd4 12.Nb5 Na6 13.a3 Bd2 14.Nxd4 Nc5 15.Bc2 e5 16.Nb5 Ke7 17.Rfd1 a6 18.Nc7 Bxe3 19.Nxa8 Bxf2+ 20.Kxf2 Rxa8 
21.Ke3 Rc8 22.Rd5 b5 23.b4 Ne6 24.c5 f6 25.Bf5 Rc6 26.Rad1 Rc7 27.Bxe6 dxe6 28.Rd8 f5 29.Ra8 Rc6 30.Ra7+ Kf6 
31.Rdd7 g5 32.Rg7 e4 33.Kd4 e5+ 34.Kd5 Rxc5+ 35.bxc5 b4 36.Raf7# 1-0

[Event "U1850"]
[Site "Warsingsfehn"]
[Date "2024.12.12"]
[Round "9.4"]
[White "Krypton Regency"]
[Black "SciSys Turbostar 432 KSO"]
[Result "1-0"]
[WhiteElo "1768"]
[BlackElo "1798"]

1.e4 c5 2.Nf3 d6 3.d4 cxd4 4.Nxd4 Nf6 5.Nc3 Nc6 {*} 6.Be2 Bd7 {*} 7.Bg5 Qb6 8.Bxf6 gxf6 9.Nd5 Qxd4 10.Nc7+ Kd8 
11.Nxa8 Qb4+ 12.Kf1 Qxb2 13.Rb1 Qxa2 14.Rxb7 Bc8 15.Rc7 Qa4 16.f3 Bg7 17.c3 Qa5 18.Rxc6 Bb7 19.Rc4 Bxa8 20.Ra4 Qxc3 
21.Rxa7 Qc8 22.Qb3 Ke8 23.Ba6 Qd8 24.Bb7 Bxb7 25.Qxb7 d5 26.Qc6+ Kf8 27.Ra8 Kg8 28.Rxd8+ Bf8 29.Qxd5 h6 30.e5 fxe5 
31.Ke2 Kg7 32.Qxe5+ f6 33.Qe6 Kg6 34.Rc1 Kg7 35.Rc7 Kg6 36.Rxe7 Bxe7 37.Rxh8 {mit Meldung # in 4} Bf8 38.Rxf8 h5 39.Qxf6+ Kh7 40.Rh8# 1-0

[Event "U1850"]
[Site "Warsingsfehn"]
[Date "2024.12.12"]
[Round "9.5"]
[White "AVE GMS Sargon 4.0"]
[Black "CXG Sphinx 40"]
[Result "0-1"]
[WhiteElo "1755"]
[BlackElo "1720"]

1.Nf3 d5 2.c4 d4 3.g3 c5 4.Bg2 {*} 4...Nf6 {*} 5.Qa4+ Bd7 6.Qb3 Nc6 7.Qxb7 Rb8 8.Qa6 Nb4 9.Qxa7 Nc2+ 10.Kd1 Nxa1 
11.Qxc5 Ng4 12.Rf1 e5 13.Qd5 Ba4+ 14.b3 Qxd5 15.cxd5 Nxb3 16.axb3 Rxb3 17.Bb2 Rxb2+ 18.Kc1 Rc2+ 19.Kd1 Rc5+ 0-1